[Event "EU-ch 2nd"]
[Site "Ohrid"]
[Date "2001.06.06"]
[Round "6"]
[White "Zvjaginsev, Vadim"]
[Black "Hulak, Krunoslav"]
[Result "1/2-1/2"]
[WhiteElo "2627"]
[BlackElo "2564"]
[Annotator "Gershon,A"]
[PlyCount "43"]
[EventDate "2001.06.01"]
[EventType "swiss"]
[EventRounds "13"]
[EventCountry "YUG"]
[SourceTitle "CBM 084"]
[Source "ChessBase"]
[SourceDate "2001.09.13"]
[SourceVersion "1"]
[SourceVersionDate "2001.09.13"]
[SourceQuality "1"]

{[%mdl 32768]} 1. e4 c5 2. Nf3 Nc6 3. Nc3 e5 4. Bc4 g6 5. d3 (5. a3 Bg7 6. d3
Nge7 7. Ng5 O-O 8. h4 b5 9. Nxb5 (9. Ba2 $5) 9... d5 10. exd5 Nxd5 11. Qf3 e4
$5 12. dxe4 Ne5 13. Qe2 Nxc4 14. Qxc4 Nb6 15. Qxc5 Ba6 16. Nd6 h6 17. Nf3 Qe7
18. Qa5 Bc4 19. Nxc4 Nxc4 20. Qd5 Nxb2 21. e5 (21. O-O Rfd8 $44) 21... Rad8 22.
Qb3 Rd1+ $17 {0-1 Varga,Z-Meduna,E/Budapest 2000/CBM 78 (36)}) 5... Bg7 (5...
h6 6. Be3 d6 7. Qd2 Nge7 8. O-O-O {an interesting idea. White castles long
after black has weakenned himself} Bg7 9. h4 Bg4 10. Rdg1 Qd7 11. Kb1 O-O-O 12.
Bxf7 Rdf8 13. Bb3 Bxf3 14. gxf3 Rxf3 15. Nd5 $16 {1-0 Kupreichik,V-Lipinsky,F/
Meisdorf 1996/EXT 97 (27)}) 6. Ng5 Nh6 7. f4 (7. O-O O-O 8. f4 exf4 9. Bxf4 Ne5
10. Bd5 Kh8 11. Qd2 d6 12. h3 Rb8 13. Nf3 Nxf3+ 14. Rxf3 $16 {1-0 Al Modiahki,
M-Doghri,N/Beirut 2000/CBM 77 ext (28)}) 7... f6 8. Nf3 (8. O-O $5 exf4 (8...
fxg5 $2 9. fxg5 Ng8 10. Qf3 Qe7 11. Nd5 $18) 9. Bxf4 fxg5 10. Bd6 Be5 (10... g4
11. Nd5 $18) 11. Nb5 Bxd6 12. Nxd6+ Ke7 13. Nxc8+ (13. Nb5 $5) 13... Rxc8 14.
Qf3 Rf8 (14... Kd6 15. Qh3 $1 (15. Qg3+ Ne5 16. c3 Re8 17. d4 (17. Bd5 Nf5 18.
exf5 Kxd5 $17) 17... cxd4 18. cxd4 Rxc4 19. dxe5+ Kc7 20. e6+ Kc8 $17) 15...
Ng8 16. Qg3+ Ne5 17. c3 Qe7 18. d4 cxd4 19. Bxg8 Rhxg8 20. cxd4 $16) 15. Qg3
Ke8 16. Qh3 Nf7 17. Qxh7 Nce5 18. Bxf7+ Nxf7 19. Qxg6 $44) 8... d6 9. h3 (9.
O-O Bg4 10. h3 Bxf3 11. Qxf3 {was also possible}) 9... exf4 10. Bxf4 Nf7 11.
O-O O-O 12. Qe1 (12. Nb5 Nce5) 12... Kh8 13. Bxf7 (13. Qg3 Nfe5 14. Bd5 $14)
13... Rxf7 14. Qg3 Rd7 (14... Ne5 $2 15. Bxe5 fxe5 16. Ng5 Rxf1+ 17. Rxf1 Kg8
18. Nd5 $16 {/+- white's position all of a sudden is almost winning, Black
cannot protect from Rf7 & Ne7}) 15. h4 b6 16. Be3 (16. h5 $142 gxh5 (16... g5
17. Be3 Qe8 18. Qh2 h6 (18... d5 19. Nxd5 Rxd5 20. exd5 Qxe3+ 21. Kh1 $18 {
[%cal Ga1e1]}) 19. Rae1 $14 {[%csl Rg7] /+/-}) 17. Qh2 Bb7 18. Qxh5 Nb4 19. a3
$1 Nxc2 20. Rac1 Nd4 21. Nxd4 cxd4 22. Nd5 $16 {[%csl Rg7]}) 16... Bb7 17. Nd5
$6 {premature! Allowing black to change knights and advance d6-d5.} (17. h5
$142) 17... Nb4 18. Nxb4 cxb4 19. h5 gxh5 20. Nd4 d5 21. exd5 Rxd5 22. Ne6 {
Actually, it seems as white would have to work in order to draw this game had
the game continued.} (22. Ne6 Qd7 (22... Qg8 {also possible, but not as strong
as the main line} 23. Nc7 (23. Nxg7 Qxg7 24. Qxg7+ Kxg7 $15 {/-/+}) 23... Bh6
$1 24. Qxg8+ Rxg8 25. Nxd5 (25. Bxh6 Rd7 26. Rf2 Rxc7 $15 {[%cal Gg8g6,Gc7g7]})
25... Bxd5 26. Rfe1 (26. Bxh6 {Allows the good old windmill} Rxg2+ 27. Kh1
Rxc2+ 28. Kg1 Rg2+ 29. Kh1 Rxb2+ 30. Kg1 Rg2+ 31. Kh1 Rg6+ 32. Kh2 Rxh6 $17)
26... Bxe3+ 27. Rxe3 Rxg2+ 28. Kf1 Rxc2 $17) 23. Nxg7 (23. Nc7 Rg8 24. Nxd5
Qxd5 25. Rf2 (25. Qf2 Bh6 $19) 25... Bh6 (25... f5 $5 26. Qh3 Bxb2 27. Re1 h4
$36 {[%cal Gg8g3]}) 26. Qxg8+ $8 Kxg8 27. Bxh6 h4 28. Re1 Kf7 29. Ref1 Qd4 30.
c3 $1 bxc3 31. bxc3 Qxc3 32. Rxf6+ Qxf6 33. Rxf6+ Kxf6 $11) 23... Qxg7 24.
Qxg7+ Kxg7 $15 {/-/+}) 1/2-1/2

[Event "EU-ch 2nd"]
[Site "Ohrid"]
[Date "2001.06.01"]
[Round "1"]
[White "Mitkov, Nikola"]
[Black "De Vreugt, Dennis"]
[Result "0-1"]
[WhiteElo "2578"]
[BlackElo "2460"]
[Annotator "Gershon,A"]
[PlyCount "77"]
[EventDate "2001.06.01"]
[EventType "swiss"]
[EventRounds "13"]
[EventCountry "YUG"]
[SourceTitle "CBM 084"]
[Source "ChessBase"]
[SourceDate "2001.09.13"]
[SourceVersion "1"]
[SourceVersionDate "2001.09.13"]
[SourceQuality "1"]

{[%mdl 32768]} 1. e4 c5 2. Nc3 Nc6 3. Nf3 Nf6 4. Bb5 Qc7 {a relatively rare
move. The main lines are :} (4... Nd4) ({or} 4... g6) 5. O-O e5 (5... Nd4 6.
Re1 e5 7. d3 Be7 8. Bg5 Nxb5 9. Nxb5 Qc6 10. a4 d6 11. Nd2 O-O 12. Nc4 Be6 13.
Nc3 h6 14. Bh4 Rae8 15. f3 Nh7 16. Bxe7 Rxe7 17. Qd2 $14 {1-0 Hracek,Z-McShane,
L/Lippstadt 2000/CBM 78 (41)}) (5... a6 6. Bxc6 Qxc6 7. Re1 d6 8. d4 cxd4 9.
Nxd4 Qb6 10. Be3 e5 $2 (10... Qc7 11. Bg5 $16) (10... Qxb2 11. Nd5 Nxd5 12.
exd5 {[%csl Ra8,Rc8,Re8,Rf8,Rh8] with white having more than enough
compensation}) 11. Ne6 Qc6 12. Nxf8 Kxf8 13. Bg5 $16 {1-0 Kogan,A-Rodriguez
Bachiller,L/Madrid 2000/CBM 76 ext (32)}) 6. Bc4 (6. d3 a6 7. Bc4 Be7 8. Ng5
O-O 9. f4 d6 10. Kh1 b5 11. Bb3 Ra7 12. f5 Qd8 13. Nf3 Na5 14. Qe2 Rd7 15. Bg5
Nxb3 16. axb3 Bb7 17. Bxf6 Bxf6 18. Nd5 g6 19. Nd2 Bg5 20. Rf2 f6 21. Raf1 Rg7
$11 {0-1 Sepman,Y-Sivokho,S/St Petersburg 2000/EXT 2001 (53)}) 6... Be7 {
the position arised is similar to the one arising after: 1.e4 c5 2.Nf3 Nc6 3.
Nc3 e5 4.Bc4} 7. d3 O-O 8. h3 $6 {an unnecessary move. Black never wants to
play Bg4 anyway.} (8. Ng5 $5 h6 9. f4 d6 10. Nf3 exf4 11. Bxf4 Be6 12. Qd2 Qd7
13. Rae1 d5 $2 (13... Rae8) 14. exd5 Nxd5 15. Bxd5 Bxd5 16. Bxh6 gxh6 17. Qxh6
f6 18. Qg6+ Kh8 19. Qh5+ Kg7 20. Qxd5 {1-0 Svidler,P-McShane,L/Brussels 2000/
EXT 2001 (20)}) 8... a6 9. a4 d6 10. Bg5 Qd8 11. Qd2 (11. Bxf6 $142 Bxf6 12.
Nd5 Be6 13. Nd2 Bg5 14. Nb1 $14 {[%cal Gb1c3]}) 11... Ne8 12. Nd5 Bxg5 13. Qxg5
(13. Nxg5 $142 h6 14. Nf3 $14 {[%cal Gf3e1,Gf2f4]} (14. Nxf7 $6 Rxf7 15. f4 Be6
(15... Na5 16. Ba2 exf4 17. Nxf4 c4 18. dxc4 Qc7 (18... Kh7 19. c5 Rf8 20. Rad1
$36 {With a material equality on the board white has the much better pieces.})
19. c5) (15... Kh7 16. Nb6 Qxb6 17. Bxf7 $36 {[%csl Rh7]}) 16. f5 Bd7 17. Ne3
Qg5 $15)) 13... Be6 14. Qxd8 Rxd8 15. c3 Bxd5 16. Bxd5 Nc7 $11 17. Bc4 g6 18.
Rfd1 {[%cal Gg8g7,Gf7f5]} Kg7 19. d4 exd4 20. cxd4 b6 (20... cxd4 21. Nxd4 d5
$2 22. exd5 Na5 23. Ba2 Nxd5 24. Nf5+ gxf5 25. Bxd5 $16) 21. Rac1 Rfe8 22. dxc5
$6 {after this move white suddenly has difficulties to protect his pawns} (22.
Re1 $142) 22... dxc5 23. Bd5 $2 ({after} 23. Bd3 $142 Nb4 24. Bb1 Ne6 $15)
23... Nxd5 24. exd5 Na5 25. d6 $6 {the pawn is doomed now} (25. Rc3 $142 Rd6
26. b3 Red8 (26... Nc6 $6 {[%cal Gc6b4]} 27. Rd2 Nb4 28. a5 $1 $11) 27. Rcd3 c4
(27... Nc6 $4 28. dxc6 Rxd3 29. Rxd3 Rxd3 30. c7 $18) 28. bxc4 Nxc4 {[%cal
Gc4b2]} 29. Rd4 b5 30. axb5 axb5 $17 {[%csl Rd5][%cal Gf7f5,Yg7f6,Gc4b6]})
25... Nb7 26. b4 Re6 $17 27. bxc5 bxc5 ({of course not:} 27... Nxc5 28. a5 Nb3
29. Rb1 Nxa5 30. Rxb6 Nc4 31. Rxa6 Rdxd6 32. Rdxd6 Rxd6 33. Rxd6 Nxd6 $11) 28.
Rb1 Rdxd6 29. Rdc1 Re7 (29... Rb6 30. Ng5 Red6 31. Ne4 Rxb1 32. Rxb1 Rd4 33.
Rxb7 Rxe4 34. Rc7 Rxa4 35. Rxc5 Re4 $1 36. Rc8 {white has good drawing chances}
) 30. Rc2 Rc7 31. Nd2 Na5 32. Rbc1 Rd5 33. Nc4 Nxc4 34. Rxc4 Kf6 35. Kf1 Ke5
36. a5 Rc6 37. Ke2 Re6 38. Rb1 (38. Rxc5 $4 Rxc5 39. Rxc5+ Kd4+ $19) 38... Rd4
39. Rcc1 {I suspect that white's flag has fallen here, since, although the
position is lost it was way too early to resign.} (39. Rcc1 Ra4 40. Ra1 Rxa1
41. Rxa1 Kd4+ 42. Kd2 c4 43. Ra3 Re5 $19) 0-1

[Event "Noyabrsk"]
[Site "Noyabrsk"]
[Date "1995.??.??"]
[Round "7"]
[White "Kochetkov, German"]
[Black "Landa, Konstantin"]
[Result "0-1"]
[WhiteElo "2465"]
[BlackElo "2500"]
[Annotator "Giese"]
[PlyCount "56"]
[EventDate "1995.05.??"]
[EventType "tourn"]
[EventRounds "11"]
[EventCountry "RUS"]
[EventCategory "10"]
[SourceTitle "CBM 048"]
[Source "ChessBase"]
[SourceDate "1995.10.01"]
[SourceVersion "1"]
[SourceVersionDate "1995.10.01"]
[SourceQuality "1"]

1. e4 c5 2. Nf3 e6 3. Nc3 Nc6 4. Bb5 Nd4 5. O-O a6 6. Bd3 Ne7 7. Nxd4 cxd4 8.
Ne2 Nc6 9. c3 Bc5 10. Qc2 Ba7 11. b3 dxc3 12. dxc3 Qe7 13. a4 a5 14. Kh1 Bc5
15. f4 f6 16. e5 fxe5 17. fxe5 Nxe5 18. Bxh7 Qh4 19. Bg6+ Kd8 20. Bf4 Ng4 {
[%csl Rh2]} 21. Nd4 Nxh2 $3 {[%cal Yh2f3,Gh8h1] sacrifices Q and wins} 22.
Nxe6+ (22. g3 Qh3 23. Kg1 (23. Qg2 Qg4 {[%csl Rf1,Rg6]} 24. Kg1 Nxf1 25. Be4
Nh2 $19) 23... Nxf1 24. Rxf1 e5 25. Bxe5 (25. Bg5+ Kc7 {[%csl Rd4]} 26. Bh4
Rxh4 $19) 25... Qh1+ 26. Kf2 Rh2+ 27. Ke1 Rxc2 28. Rxh1 Rc1+ $19) 22... dxe6
23. Qd2+ {[%cal Gd2g5]} Bd7 $1 (23... Ke7 $4 24. Bg5+ Qxg5 25. Qxg5+ Kd6 26.
Rfd1+ Kc6 27. Bh5 $18) 24. Bg5+ Kc7 (24... Qxg5 25. Qxg5+ Be7 26. Rf8+ Rxf8 27.
Qe5 Rh8 28. Kg1 Ng4 29. Qxg7 {(-/+)/-+}) 25. Bxh4 Rxh4 {[%cal Gc5g1,Gh4h1] /\..
.Nf3#} 26. Qg5 (26. g3 Nxf1+ 27. gxh4 Nxd2 $18) 26... Nf3+ 27. Qxh4 Nxh4 {
[%csl Rg6]} 28. Be4 (28. Bh5 Rh8 29. Bg4 (29. g4 g6 $19) 29... Nf5+ 30. Bh3
Ng3+ $19) 28... Rh8 $40 {[%cal Gh8h1]} (28... Rh8 29. g4 e5 $19) 0-1

[Event "YUG-chT"]
[Site "Cetinje"]
[Date "1993.??.??"]
[Round "1"]
[White "Nevednichy, Vladislav"]
[Black "Damljanovic, Branko"]
[Result "1/2-1/2"]
[WhiteElo "2495"]
[BlackElo "2550"]
[Annotator "Glatman,V"]
[PlyCount "134"]
[EventDate "1993.??.??"]
[EventType "team"]
[EventRounds "11"]
[EventCountry "YUG"]
[SourceTitle "CBM 038"]
[Source "ChessBase"]
[SourceDate "1994.02.01"]
[SourceVersion "1"]
[SourceVersionDate "1994.02.01"]
[SourceQuality "1"]

1. e4 c5 2. Nf3 Nc6 3. Bb5 e6 4. Bxc6 bxc6 5. d3 (5. b3 Ne7 (5... d6 $6 6. O-O
e5 7. Re1 Be7 $1 $15 {Timman,J-Sveshnikov,E Tilburg 1992 Inf 56/168/}) 6. h4 $5
$146 h5 7. e5 Ng6 8. Qe2 f6 9. Bb2 fxe5 10. Nxe5 Qf6 11. Na3 Nxe5 12. Bxe5 Qg6
13. O-O-O $16 {Cseshkovsky,V-Ivanovic,B Cetinje 1993/}) (5. O-O Ne7 6. d3 (6.
Re1 Ng6 7. c3 Be7 8. d4 O-O $10 {Huebner,R-Sveshnikov,E Bayern-Poljet 1992/})
6... Ng6 7. Nbd2 d6 8. Nc4 Be7 9. Bd2 O-O 10. a3 f5 11. e5 d5 12. Na5 Qc7 $14 {
Huebner,R-Abramovic,B Biel 1993/}) 5... Ne7 6. Bd2 $5 $146 Ng6 $6 (6... d6 $5)
(6... d5 $5) 7. h4 h5 8. e5 $1 Be7 9. Bc3 f6 10. Nbd2 d5 (10... fxe5 11. Nxe5
Nxe5 12. Bxe5 Bf6 13. Nc4 $16) (10... Qc7 11. Qe2 Nf4 $2 12. Qe4 Nxg2+ 13. Kf1
$18) 11. exd6 Qxd6 12. Nc4 Qd5 13. Ne3 Qd7 14. g3 (14. Nd2 Nf4 15. Qf3 Nd5 $14)
14... e5 15. Nd2 Nf8 16. f4 $1 exf4 17. gxf4 Ne6 18. Qf3 Nd4 19. Qf2 $1 (19.
Bxd4 $2 cxd4 20. Nec4 Qe6+ $15) (19. Qg3 Qe6 $1) 19... Qe6 20. Ndc4 (20. O-O-O
Qxa2) (20. f5 Nxf5 $17) 20... Ba6 21. O-O-O O-O-O 22. f5 $16 Qd7 23. Rhg1 Rhg8
$6 (23... Rh7 $5) 24. Be1 $1 Rde8 25. c3 Nb5 26. Qf3 Nc7 27. Qxh5 Nd5 28. Qf3 (
28. Qf7 $2 Nf4 29. Rxg7 Rgf8 $19) 28... Nxe3 29. Nxe3 Bd6 (29... Bxd3 $2 30.
Rxd3 Qxd3 31. Qxc6+ Kd8 32. Bf2 $18) 30. d4 Qc7 31. Bg3 Bxg3 32. Rxg3 cxd4 33.
Rxd4 Bb7 (33... c5 34. Qa8+ Qb8 35. Qc6+ $18) 34. Qf4 Qxf4 35. Rxf4 Re7 36. b4
Ba6 37. Kd2 Rd8+ 38. Rd4 Rxd4+ 39. cxd4 Kc7 (39... Re4 40. Rg4 $1) 40. h5 Bc8
41. Rg6 (41. Kd3 Bd7 42. Rg6 Be8 $10) 41... Rf7 42. h6 gxh6 43. Rxh6 Bd7 44.
Kd3 Kd6 45. Ke4 Ke7 46. Kf4 $6 (46. Rh8 $5 Be8 47. d5 $18) 46... Bc8 47. a4 $6
(47. Rh8 Ba6 (47... Kd7 48. a4) 48. Ra8 Kd6 49. Re8 $16) 47... Ba6 48. Rh8 Be2
49. Rh1 a6 50. Ra1 Bd3 51. Rh1 $2 (51. Rd1 $5 Be2 52. Rd2 Bh5 53. Rh2 $18)
51... a5 $8 52. bxa5 Kd6 53. Rd1 Ba6 54. Rb1 (54. Rc1 $5 Ra7 55. Ng4 $16) 54...
Ra7 55. Rb6 Bd3 56. d5 Rxa5 57. Rxc6+ Ke7 58. Re6+ Kf7 59. Kf3 Rxa4 60. Rc6 Rd4
$10 61. Rc7+ Kf8 62. Rd7 Ke8 63. Rd6 Ke7 64. Re6+ Kf7 65. Ng4 Rxd5 66. Rxf6+
Kg7 67. Rg6+ Kf8 1/2-1/2

[Event "BL2-West 0001"]
[Site "Germany"]
[Date "2000.10.15"]
[Round "1.2"]
[White "Glek, Igor Vladimirovich"]
[Black "Kupreichik, Viktor D"]
[Result "1-0"]
[WhiteElo "2553"]
[BlackElo "2472"]
[Annotator "Glek,I"]
[PlyCount "101"]
[EventDate "2000.10.15"]
[EventType "team-tourn"]
[EventRounds "9"]
[EventCountry "GER"]
[SourceTitle "CBM 080"]
[Source "ChessBase"]
[SourceDate "2001.01.25"]
[SourceVersion "1"]
[SourceVersionDate "2001.01.25"]
[SourceQuality "1"]
[WhiteTeam "Katernberg"]
[BlackTeam "Plettenberg"]
[WhiteTeamCountry "GER"]
[BlackTeamCountry "GER"]

1. e4 c5 2. Nf3 Nc6 3. Bb5 Nf6 4. Nc3 e5 5. Bxc6 dxc6 6. Nxe5 Nxe4 7. Nxe4 Qd4
8. d3 (8. Qe2) 8... Qxe5 9. f4 $1 $146 Qd5 10. Qe2 Be7 (10... Be6 $5 11. c4 Qf5
$8 12. Ng3 (12. O-O O-O-O 13. a3 $13) 12... Qg4 13. Qxg4 (13. f5 Qxe2+ 14. Kxe2
Bd7 15. Rf1 $14) 13... Bxg4 14. h3 (14. f5 Bd6) 14... Bd7 15. f5 Be7 (15... Bd6
16. Ne4 Be5 17. O-O O-O-O 18. Bf4 $16) 16. O-O Bf6 17. Ne4 Bd4+ 18. Kh1 b6 19.
Rb1 O-O 20. b3 Rad8 21. g4 Rfe8 22. Bf4 $14) 11. c4 Qd8 12. O-O O-O 13. f5 Re8
14. Be3 (14. Bd2 $5) 14... Bf6 15. Rad1 (15. Kh1 $1 $16) 15... Bd4 16. Kh1 Re5
17. g4 Bxe3 18. Qxe3 Qd4 19. Qxd4 cxd4 20. Rde1 Kf8 21. Nd6 Re7 22. c5 Rxe1 23.
Rxe1 Bd7 24. Re4 $6 (24. Kg2 $1 $16) 24... b6 25. Rxd4 bxc5 26. Rc4 (26. Ra4 g6
$14 (26... Rd8 27. Rxa7 Be8 28. Nc4 Rxd3 29. a4)) 26... h5 27. h3 hxg4 28. hxg4
g6 29. Rxc5 gxf5 (29... Rd8 $5 $14 30. b3 gxf5 31. gxf5 Ke7 32. Ne4 Be8 33. f6+
Ke6 34. Ra5) (29... Rb8 30. Ra5 Rxb2) 30. gxf5 Rb8 31. Ra5 (31. b3 Rb4) 31...
Ke7 32. Ne4 Rxb2 33. Rxa7 Rb5 34. f6+ Ke6 $6 (34... Kd8 35. a4 Rd5 36. a5 $16)
35. d4 Rb1+ 36. Kg2 Kf5 37. Ng3+ Ke6 38. Kf3 Bc8 39. Ne4 c5 40. Rc7 $1 $18 (40.
Re7+ Kf5 41. Nd6+ Kxf6 42. Nxc8 $16) 40... Rb8 41. Rxc5 Kd7 42. Re5 Kd8 43. Kf4
Rb1 44. Rd5+ Kc7 45. Rc5+ Kd8 46. Nd6 Rf1+ 47. Kg5 Rg1+ 48. Kh4 Rg4+ 49. Kh5
Rxd4 50. Nxc8 Ra4 51. Nb6 1-0

[Event "NED-chT 0001"]
[Site "Netherlands"]
[Date "2000.12.09"]
[Round "2.3"]
[White "Glek, Igor Vladimirovich"]
[Black "Nijboer, Friso"]
[Result "1/2-1/2"]
[WhiteElo "2556"]
[BlackElo "2586"]
[Annotator "Glek,I"]
[PlyCount "49"]
[EventDate "2000.11.18"]
[EventType "team-tourn"]
[EventRounds "9"]
[EventCountry "NED"]
[SourceTitle "CBM 080"]
[Source "ChessBase"]
[SourceDate "2001.01.25"]
[SourceVersion "1"]
[SourceVersionDate "2001.01.25"]
[SourceQuality "1"]
[WhiteTeam "Magnus/BSG Bussum"]
[BlackTeam "Hilversum HSG"]
[WhiteTeamCountry "NED"]
[BlackTeamCountry "NED"]

1. e4 c5 2. Nf3 Nc6 3. Bb5 e6 4. O-O Nge7 5. Re1 a6 6. Bxc6 Nxc6 7. d4 cxd4 8.
Nxd4 Qc7 9. Nc3 Bd6 10. Nxc6 dxc6 (10... Bxh2+ 11. Kh1 bxc6 12. g3 Bxg3 13.
fxg3 Qxg3 14. Re3 Qh4+ 15. Kg2 $16) (10... bxc6 11. f4 (11. Qh5 Be5 12. Re3 (
12. f4 Bxf4 13. Bxf4 Qxf4 14. Rf1 Qe3+ $15) 12... Rb8 13. b3 g6 14. Qh4 d6 15.
Rf3 Qa5 16. Bd2 Qa3 17. Rb1 h6 $132) 11... Bxf4 (11... e5) 12. Bxf4 Qxf4 13. e5
$44) 11. f4 $1 (11. Qh5 e5 (11... Be5 12. Be3 O-O 13. Rad1 $14) 12. Be3 (12. f4
g6 13. Qf3 b5 14. f5 Qe7 15. Qg3 Bb7 16. fxg6 hxg6 17. Bg5 f6 18. Be3 Kf7 $132)
12... b5 13. a4 $146 (13. Rad1 Be6 14. Bb6 Qb8 $11) 13... Bb7 14. axb5 cxb5 15.
Rad1 O-O 16. Nd5 Qc6 17. Rd3 f5 $13 {<=>. Iuldachev,S-Gunawan,R/Genting
Highlands 75/(135) 1998/Inf 75/[Tsesarsky,I] (17)}) 11... e5 $1 $13 (11... Bxf4
12. Bxf4 Qxf4 13. e5 $36 O-O 14. Qd6 b6 15. Rad1 Ra7 16. Qxc6 Qb4 17. Rd2 b5
18. Ne4 Qa5 19. Qc5 Rc7 20. Qe3 Bb7 21. Nf6+ Kh8 22. Red1 Bd5 23. Qf2 gxf6 24.
Qxf6+ Kg8 25. Qg5+ {1/2-1/2 Lastin,A-Kotsur,P/Elista RUS 2000/The Week in
Chess 303 (25)}) 12. f5 b5 13. Qg4 (13. Be3 Bb7 14. a4 $13) 13... f6 14. Rd1 (
14. Be3 O-O $13 (14... Bb7 15. a4 b4 (15... O-O-O 16. axb5 cxb5 (16... axb5 17.
Ra7 $40) 17. Nd5 $16) (15... O-O) 16. Ne2 (16. Nb1) (16. Nb1) 16... O-O 17. Ng3
Rfd8 18. Nh5 Kh8 19. Rf1 c5 (19... Rd7 20. Rf3 Rad8 21. Rh3 c5 22. Qg6 $1 $18)
20. Rf3 c4 21. Rh3 Bc5 22. Bxc5 Qxc5+ 23. Kh1 Qf8 (23... Qe7 24. Qg6 $18) 24.
Qg6 Qg8 $17)) 14... Bc5+ 15. Kh1 Bb7 16. Rd3 (16. Qh5+ $5 Ke7 (16... Qf7 $4 17.
Qxf7+ Kxf7 18. Rd7+) 17. Rd3 Rad8 $6 (17... g6 $5 18. fxg6 (18. Qh6 $142 Rag8
19. Be3 $13) 18... hxg6 19. Qxg6 Rag8 20. Qf5 Bc8 21. Qf3 Bh3 $5 (21... Rxh2+
22. Kxh2 Rh8+ 23. Kg3 Rg8+ 24. Kh2 $11 (24. Bg5 $2 Rxg5+ 25. Kh2 Ke8 $17))) (
17... Bd4 $5) 18. Rg3 g6 19. fxg6 hxg6 20. Qxg6 Rdg8 21. Qxg8 (21. Qg7+ Rxg7
22. Rxg7+ Kd8 23. Rxc7 Kxc7 $44) 21... Rxg8 22. Rxg8 Kf7 23. Rg3 Bf8 24. a3 $16
) 16... Qf7 17. Ne2 (17. Be3 $5 Bxe3 18. Rxe3 Rd8 19. Rd1 O-O 20. Red3 Rxd3 21.
Rxd3 b4 22. Ne2 h5 23. Qh4 (23. Qg3 c5) 23... Qxa2 24. Qxh5 $11) 17... Rd8 18.
Rxd8+ Kxd8 19. Bd2 Bb6 (19... Kc8 20. Ba5 $1 $13) 20. Nc1 Kc8 21. Nb3 Rd8 22.
Ba5 Bxa5 23. Nxa5 c5 24. Nxb7 Kxb7 (24... Qxb7 25. Rd1 (25. c3 $11)) 25. Rd1
1/2-1/2